| 000 | 01125nam a2200265 a 4500 | ||
|---|---|---|---|
| 001 | BRCA_875 | ||
| 005 | 20190320203204.0 | ||
| 008 | 990531s1999 sp-a---##b---#001-0#spa-d | ||
| 020 | _a8492388641 | ||
| 040 |
_aDLC _cDLC _dDLC |
||
| 050 | 4 |
_aNK7114 _b.O76 1999 |
|
| 245 | 1 | 0 | _aEl oro y la plata de las Indias en la época de los Austrias. |
| 260 |
_aMadrid _bFundación ICO _c1999 |
||
| 300 |
_a797 p. _bil. a color _c29 cm. |
||
| 500 | _aIncluye índice onomástico e índice toponímico | ||
| 500 | _aEstado físico: encuadernado, enero 2013. Reencuadernado, marzo 2015. Debido a su gran extensión de páginas se encuaderno en dos partes | ||
| 500 | _a2do. ejemplar en el Área de Investigación | ||
| 504 | _aBibliografía : p. 765-778 | ||
| 650 | 1 | 4 |
_aMinas de oro _vExposiciones _xHistoria _zAmérica Latina _92917 |
| 650 | 1 | 4 |
_aMinas de plata _vExposiciones _xHistoria _zAmérica Latina _92918 |
| 650 | 1 | 4 |
_aEspañoles _vExposiciones _xHistoria _zAmérica Latina _92919 |
| 651 | 4 |
_aEspaña _vExposiciones _xCondiciones económicas _92920 |
|
| 651 | 4 |
_aAmérica Latina _vExposiciones _xHistoria _ya 1830 _92921 |
|
| 942 |
_2lcc _cB |
||
| 999 |
_c770 _d770 |
||